LEADER 01474nam0-22004691i-450- 001 990003080060403321 005 20151125120036.0 010 $a88-06-12556-7 035 $a000308006 035 $aFED01000308006 035 $a(Aleph)000308006FED01 035 $a000308006 100 $a20030910d1991----km-y0itay50------ba 101 1 $aita$cger 102 $aIT 200 1 $a<>fine della divisione del lavoro?$eproduzione industriale e razionalizzazione$fHorst Kern e Michael Schumann$gtraduzione di Bruno Cattero 210 $aTorino$cEinaudi$d©1991 215 $axl, 426 p.$d21 cm 225 1 $aNuova biblioteca scientifica Einaudi$v85 454 0$12001$a<>Ende der Arbeitsteilung? Rationalisierung in der industriellen Produktion$957106 610 0 $aLavoro$aOrganizzazione$aAspetti sociali 676 $a306.36$v21$zita 676 $a18100 676 $aH/2.2242 676 $aH/2.227 702 1$aKern,$bHorst 702 1$aSchumann,$bMichael 801 0$aIT$bUNINA$gRICA$2UNIMARC 901 $aBK 912 $a990003080060403321 952 $aL6.32$b4285$fDECTS 952 $aC-VIII-67$b2283 dip.$fDDRC 952 $a050.002.KER$b947$fDECGE 952 $a18100 KER$b10634$fSES 952 $a306.36 KER 1$b3270$fBFS 959 $aDECGE 959 $aDECTS 959 $aDDRC 959 $aSES 959 $aBFS 996 $aEnde der Arbeitsteilung? Rationalisierung in der industriellen Produktion$957106 997 $aUNINA LEADER 01311nam a2200325 i 4500 001 991000822659707536 005 20020506124808.0 008 951016s19691971us ||| | eng d 035 $ab10134505-39ule_inst 035 $aLE00637428$9ExL 040 $aDip.to Fisica$bita 084 $a52.9.53 084 $a53(082.2) 084 $a53.1.52 110 2 $aBrandeis University$0461165 245 10$aAstrophysics and general relativity /$cedited by M. Chrétien, S. Deser and J. Goldstein 260 $aNew York :$bGordon and Breach Science Publishers,$c1969-1971 300 $a2 v. (300, 337 p.) :$bill. ;$c24 cm 490 0 $aBrandeis University Summer Institute in theoretical physics ;$v1-2 (1968) 650 4$aGeneral relativity (Physics) 700 1 $aChrétien, M. 700 1 $aDeser, S. 700 1 $aGoldstein, Joseph I. 907 $a.b10134505$b17-02-17$c27-06-02 912 $a991000822659707536 945 $aLE006 53(042+082.2) BRA$cV. 1$g1$i2006000032568$lle006$o-$pE0.00$q-$rl$s- $t0$u0$v0$w0$x0$y.i10158340$z27-06-02 945 $aLE006 53(042+082.2) BRA$cVol. 2$g1$i2006000162302$lle006$op$pE0.00$q-$rl$s- $t0$u0$v0$w0$x0$y.i14731988$z21-04-08 996 $aAstrophysics and general relativity$9185417 997 $aUNISALENTO 998 $ale006$b01-01-95$cm$da $e-$feng$gus $h0$i1